State Quiz - Maryland - Statistics

General Stats
  • This quiz has been taken 28,322 times
    23,603 since last reset
  • The average score is 14 of 20
Answer Stats
Hint Answer % Correct
Most populous city Baltimore
94%
State capital Annapolis
89%
Swimmer who has won 23 Olympic gold medals Michael Phelps
89%
State crustacean Blue Crab
87%
Surveyor's line on Maryland's northern and eastern borders Mason-{Dixon}
85%
Large ocean bay Chesapeake
82%
D.C. suburb or "National Lampoon" actor Chevy {Chase}
82%
Author of "The Raven" Edgar Allan Poe
82%
Top-ranked medical school Johns Hopkins
74%
Official team sport of Maryland (hint: has sticks) Lacrosse
74%
River on the Virginia border Potomac
74%
Song written by Francis Scott Key The Star-Spangled Banner
72%
Communications device first tested between the above city and D.C. in 1844 Telegraph
67%
What is a terrapin? a Turtle
66%
Brand of spice blend used to flavor seafood Old Bay
58%
The B&O, opened in 1830, is the oldest _____ in the U.S. Railroad
56%
State bird Baltimore Oriole
50%
Deadliest one-day battle of the Civil War Antietam
46%
John Waters musical about the pleasantly plump Tracy Turnblad Hairspray
46%
Baseball's "Iron Man" Cal Ripken, Jr.
43%
No matching quizzes found
Score Distribution
Percent of People with Each Score
Percentile by Number Answered
Your Score History
You have not taken this quiz since the last reset